Basic & clinical pharmacology / (Record no. 5005)
[ view plain ]
| 000 -LEADER | |
|---|---|
| fixed length control field | 00709cam a22002534a 4500 |
| 001 - CONTROL NUMBER | |
| control field | 11932 |
| 003 - CONTROL NUMBER IDENTIFIER | |
| control field | BD-DhUAP |
| 005 - DATE AND TIME OF LATEST TRANSACTION | |
| control field | 20230620131258.0 |
| 008 - FIXED-LENGTH DATA ELEMENTS--GENERAL INFORMATION | |
| fixed length control field | 201126s2007 maua b 001 0 eng |
| 020 ## - INTERNATIONAL STANDARD BOOK NUMBER | |
| International Standard Book Number | 9780071260930 |
| 020 ## - INTERNATIONAL STANDARD BOOK NUMBER | |
| International Standard Book Number | 0071260935 |
| 040 ## - CATALOGING SOURCE | |
| Original cataloging agency | DLC |
| Transcribing agency | DLC |
| Modifying agency | BD-DhUAP |
| Language of cataloging | eng |
| 082 ## - DEWEY DECIMAL CLASSIFICATION NUMBER | |
| Edition number | 23 |
| Classification number | 615.1 BAS |
| 245 00 - TITLE STATEMENT | |
| Title | Basic & clinical pharmacology / |
| Statement of responsibility, etc. | edited by Bertram G. Katzung. |
| 250 ## - EDITION STATEMENT | |
| Edition statement | 10th ed. |
| 260 ## - PUBLICATION, DISTRIBUTION, ETC. | |
| Place of publication, distribution, etc. | Boston : |
| Name of publisher, distributor, etc. | McGraw Hill, |
| Date of publication, distribution, etc. | c2007. |
| 300 ## - PHYSICAL DESCRIPTION | |
| Extent | xiv, 1179 pages : |
| Other physical details | illustrations ; |
| Dimensions | 26 cm. |
| 490 ## - SERIES STATEMENT | |
| Series statement | a LANGE medical book |
| 500 ## - GENERAL NOTE | |
| General note | Includes index. |
| 650 #0 - SUBJECT ADDED ENTRY--TOPICAL TERM | |
| Topical term or geographic name entry element | Clinical pharmacology. |
| 650 #0 - SUBJECT ADDED ENTRY--TOPICAL TERM | |
| Topical term or geographic name entry element | Pharmacology. |
| 700 1# - ADDED ENTRY--PERSONAL NAME | |
| Personal name | Katzung, Bertram G. |
| 942 ## - ADDED ENTRY ELEMENTS (KOHA) | |
| Source of classification or shelving scheme | |
| Koha item type | Book |
| Withdrawn status | Lost status | Source of classification or shelving scheme | Damaged status | Not for loan | Permanent Location | Current Location | Shelving location | Date acquired | Total Checkouts | Full call number | Barcode | Date last seen | Date last checked out | Copy number | Price effective from | Koha item type | Total Renewals |
|---|---|---|---|---|---|---|---|---|---|---|---|---|---|---|---|---|---|
| UAP Central Library | UAP Central Library | General Stacks | 2020-11-26 | 1 | 615.1 BAS | 3010011932 | 2026-02-01 | 2026-02-01 | 1 | 2020-11-26 | Book | ||||||
| UAP Central Library | UAP Central Library | General Stacks | 2020-11-26 | 3 | 615.1 BAS | 3010010284 | 2023-10-22 | 2023-08-20 | 2 | 2020-11-26 | Book | 2 | |||||
| UAP Central Library | UAP Central Library | General Stacks | 2020-11-26 | 615.1 BAS | 3010011939 | 2020-11-26 | 3 | 2020-11-26 | Book | ||||||||
| UAP Central Library | UAP Central Library | General Stacks | 2020-11-26 | 615.1 BAS | 3010010285 | 2020-11-26 | 4 | 2020-11-26 | Book | ||||||||
| UAP Central Library | UAP Central Library | General Stacks | 2020-11-26 | 615.1 BAS | 3010011929 | 2020-11-26 | 5 | 2020-11-26 | Book | ||||||||
| UAP Central Library | UAP Central Library | General Stacks | 2020-11-26 | 615.1 BAS | 3010011936 | 2020-11-26 | 6 | 2020-11-26 | Book | ||||||||
| UAP Central Library | UAP Central Library | General Stacks | 2020-11-26 | 615.1 BAS | 3010011928 | 2020-11-26 | 7 | 2020-11-26 | Book | ||||||||
| UAP Central Library | UAP Central Library | General Stacks | 2020-11-26 | 2 | 615.1 BAS | 3010011934 | 2025-02-02 | 2024-11-21 | 8 | 2020-11-26 | Book | 4 | |||||
| UAP Central Library | UAP Central Library | General Stacks | 2020-11-26 | 615.1 BAS | 3010011930 | 2020-11-26 | 9 | 2020-11-26 | Book | ||||||||
| UAP Central Library | UAP Central Library | General Stacks | 2020-11-26 | 615.1 BAS | 3010011938 | 2020-11-26 | 10 | 2020-11-26 | Book | ||||||||
| UAP Central Library | UAP Central Library | General Stacks | 2020-11-26 | 7 | 615.1 BAS | 3010011933 | 2026-02-15 | 2026-01-27 | 11 | 2020-11-26 | Book | 4 | |||||
| UAP Central Library | UAP Central Library | General Stacks | 2020-11-26 | 615.1 BAS | 3010011926 | 2020-11-26 | 12 | 2020-11-26 | Book | ||||||||
| UAP Central Library | UAP Central Library | General Stacks | 2020-11-29 | 615.1 BAS | 3010011927 | 2020-11-29 | 13 | 2020-11-29 | Book | ||||||||
| UAP Central Library | UAP Central Library | General Stacks | 2020-11-29 | 2 | 615.1 BAS | 3010011931 | 2023-08-30 | 2023-08-24 | 14 | 2020-11-29 | Book | ||||||
| UAP Central Library | UAP Central Library | General Stacks | 2021-01-23 | 2 | 615.1 BAS | 3010011940 | 2023-09-19 | 2023-07-26 | 15 | 2021-01-23 | Book | ||||||
| UAP Central Library | UAP Central Library | Reserve Stacks | 2021-01-23 | 615.1 BAS | 3010011441 | 2021-01-24 | 16 | 2021-01-23 | Book | ||||||||
| UAP Central Library | UAP Central Library | Reserve Stacks | 2021-01-23 | 615.1 BAS | 3010011438 | 2021-01-24 | 17 | 2021-01-23 | Book | ||||||||
| UAP Central Library | UAP Central Library | Reserve Stacks | 2021-01-23 | 615.1 BAS | 3010011440 | 2021-01-24 | 18 | 2021-01-23 | Book | ||||||||
| UAP Central Library | UAP Central Library | Reserve Stacks | 2021-01-25 | 615.1 BAS | 3010011437 | 2021-01-25 | 19 | 2021-01-25 | Book | ||||||||
| UAP Central Library | UAP Central Library | Reserve Stacks | 2021-01-25 | 615.1 BAS | 3010011439 | 2021-01-27 | 20 | 2021-01-25 | Book | ||||||||
| UAP Central Library | UAP Central Library | General Stacks | 2021-01-25 | 2 | 615.1 BAS | 3010011935 | 2024-02-19 | 2023-08-13 | 21 | 2021-01-25 | Book | ||||||
| UAP Central Library | UAP Central Library | General Stacks | 2021-01-31 | 615.1 BAS | 3010010286 | 2021-01-31 | 22 | 2021-01-31 | Book |
Bengali Keyboard